000 00304nam a22001337a 4500
008 170919b xxu||||| |||| 00| 0 eng d
020 _a1561310026
041 _aeng
080 _a7
100 _a44
101 _aART
245 _aTRADES AND CRAFTS IN MEDIEVAL MANUSCRIPTS
_cBASING,P
942 _2udc
_cBK
999 _c28368
_d28368